000 00959 a2200265 4500
008 080821t xxu||||| |||| 00| 0 eng d
010 _aENG-85001
020 _a8184240023
_c180.00
035 _aEN-68534
037 _bD. B. Act / Pub
082 _a323
100 _aMotilal, Shashi
245 _aHuman rights, gender and environment
_cby Shashi Motilal and Bijayalaxmi Nanda
250 _a1st ed.
260 _aNew Delhi
_bAllied Publishers
_c2006
270 _aA-104, Mayapuri, Phase-II,
_bNew Delhi
_cDelhi
_e110064
300 _axii, 345 p.
_c24 cm (Pbk)
500 _aIncludes bibliographical references and index
520 _aThe Book introduces the concept of human rights
650 _aHuman rights
650 _aGender
700 _aNanda, Bijayalaxmi
942 _adpl
_cEN
_k323 / MOT
_2ddc
_h323
_mMOT
999 _c855
_d855